00321nam a2200121Ia 4500008004100000041000800041082001200049100001800061245004500079260003800124300003000162365000700192240624s9999 xx 000 0 und d aeng a332 VEN aVENKATESH T R aFINANCIAL MARKETS AND INSTITUTIONS THE C c2005aHyderabadbICFAI University avi, : 186 : p. : cm. ; 23 cRS